Business and polity : (Record no. 51383)

MARC details
000 -LEADER
fixed length control field 01172nam a22002897a 4500
005 - DATE AND TIME OF LATEST TRANSACTION
control field 20110401163233.0
008 - FIXED-LENGTH DATA ELEMENTS--GENERAL INFORMATION
fixed length control field 110401t xxu||||| |||| 00| 0 eng d
010 ## - LCCN (DPL NO)
LC control number ENG-102224
020 ## - INTERNATIONAL STANDARD BOOK NUMBER
International Standard Book Number 9788132105312
Terms of availability 795.00
035 ## - SYSTEM CONTROL NUMBER
System control number EN-85757
037 ## - SOURCE OF ACQUISITION
Source of stock number/acquisition DBAD/PUB
040 ## - CATALOGING SOURCE
Original cataloging agency dpl
Language of cataloging Eng
082 00 - DEWEY DECIMAL CLASSIFICATION NUMBER
Classification number 322.3
Edition number 22
100 1# - MAIN ENTRY--PERSONAL NAME
Personal name Ghosh, Dhruba Narayan
Dates associated with a name 1928-
9 (RLIN) 26981
245 10 - TITLE STATEMENT
Title Business and polity :
Remainder of title dynamics of a changing relationship /
Statement of responsibility, etc by D.N. Ghosh
260 ## - PUBLICATION, DISTRIBUTION, ETC. (IMPRINT)
Place of publication, distribution, etc New Delhi
Name of publisher, distributor, etc SAGE Publications
Date of publication, distribution, etc 2011
270 ## - ADDRESS
Address B1/I-1 Mohan Cooperative Industrial Area , Mathura Road
City New Delhi
Postal code 110044
300 ## - PHYSICAL DESCRIPTION
Extent xIiv,422p.
Dimensions 22cm (Hb)
500 ## - GENERAL NOTE
General note Includes bibliographical references and index.
650 #0 - SUBJECT ADDED ENTRY--TOPICAL TERM
Topical term or geographic name as entry element Economic history.
9 (RLIN) 26982
650 #0 - SUBJECT ADDED ENTRY--TOPICAL TERM
Topical term or geographic name as entry element Economic policy
General subdivision History.
9 (RLIN) 26983
650 #0 - SUBJECT ADDED ENTRY--TOPICAL TERM
Topical term or geographic name as entry element Business and politics
General subdivision History.
9 (RLIN) 26984
650 #0 - SUBJECT ADDED ENTRY--TOPICAL TERM
Topical term or geographic name as entry element Commerce
General subdivision History.
9 (RLIN) 26985
942 ## - ADDED ENTRY ELEMENTS (KOHA)
Source of classification or shelving scheme Dewey Decimal Classification
Item type English Books
Classification part 322.3
Call number suffix GHO
Holdings
Withdrawn status Lost status Source of classification or shelving scheme Damaged status Not for loan Collection code Home library Current library Date acquired Source of acquisition Cost, normal purchase price Total Checkouts Full call number Barcode Date last seen Copy number Cost, replacement price Koha item type
    Dewey Decimal Classification   Not For Loan Non-fiction D.B.Act.Division D.B.Act.Division 01/04/2011 DBAD/PUB 795.00   322.3 GHO EN-85757 01/04/2011 1 795.00 English Books

© Delhi Public Library
Hit Counter
free hit counter